| 000 | 01063nam0a22002651 4500 | ||
|---|---|---|---|
| 001 | rc\3424370 | ||
| 005 | 20260407081436.0 | ||
| 021 |
_aRU _bРг6653-75 |
||
| 035 | _a(NLR Aleph) 007559093 | ||
| 090 |
_a5282604 _c5282604 |
||
| 100 | _a20130115d1974 |||y0rusy50 ca | ||
| 101 | 0 | _arus | |
| 102 | _aRU | ||
| 105 | _aa z ||||| | ||
| 200 | 1 |
_aРаботы по механике сплошных сред _e[Сборник статей _fНауч. ред. д-р физ.-мат. наук, проф. Л.А. Толоконников] _gМ-во высш. и сред. спец. образования РСФСР. Тульск. политехн. ин-т |
|
| 210 |
_aТула _cТПИ _d1974 |
||
| 215 |
_a247 с. _cчерт. _d20 |
||
| 320 | _aСписки лит. в конце статей | ||
| 702 | 1 |
_aТолоконников _bЛ.А. _4340 |
|
| 712 | 0 | 2 |
_aТульский политехнический институт _3RU\NLR\AUTH\886982 _9285939 |
| 801 | 0 |
_aRU _bNLR _gpsbo |
|
| 801 | 1 |
_aRU _bELAR _2rusmarc |
|
| 852 |
_aNLR _j75-3/743 |
||
| 942 | _cBOOK | ||
| 980 | _aNB | ||